Statistiken für Städte Hessen A-Z

Klicken Sie hier um das Quiz zu spielen!

Allgemein

  • Dieses Quiz wurde 308 mal gespielt
  • Das Durchschnittsergebnis liegt bei 11 aus 21

Antwortstatistiken

BuchstabeEinwohnerStadt% Korrekt
F763.380Frankfurt am Main
99%
D159.878Darmstadt
97%
K202.137Kassel
95%
W278.474Wiesbaden
94%
G89.802Gießen
93%
H96.492Hanau
89%
O130.280Offenbach am Main
89%
M77.129Marburg
88%
R65.635Rüsselsheim am Main
68%
B54.227Bad Homburg vor der Höhe
51%
A16.037Alsfeld
36%
L38.229Langen (Hessen)
30%
T30.050Taunusstein
30%
I24.997Idstein
29%
V34.315Viernheim
28%
N38.105Neu-Isenburg
27%
U14.743Usingen
23%
E21.609Eschborn
20%
P25.096Pfungstadt
20%
Z7.213Zwingenberg
14%
S21.391Stadtallendorf
11%

Verteilung der Resultate

Perzentil nach korrekt beantworteten Fragen

Anzahl Personen mit jedem Resultat

Ihre Resultats-Entwicklung

Sie haben dieses Quiz noch nicht gespielt